| 000 | 00999cam a22002533a 4500 | ||
|---|---|---|---|
| 001 | 23508 | ||
| 003 | PGUSA | ||
| 005 | 20140828083512.0 | ||
| 008 | 071116s2007||||xxu|||||s|||||000 | eng d | ||
| 040 |
_aPGUSA _beng |
||
| 042 | _adc | ||
| 050 | 4 | _aPQ | |
| 100 | 1 |
_aLemaître, Jules, _d1853-1914 |
|
| 245 | 1 | 0 |
_aLes Contemporains, 7ème Série : _bÉtudes et Portraits Littéraires _h[electronic resource] / _cJules Lemaître |
| 260 |
_bProject Gutenberg, _c2007 |
||
| 505 | 0 | _aMarceline Desbordes-Valmore -- L'amour selon Michelet -- Victor Duruy -- J.K. Huysmans -- Henri Lavedan -- Emile Faguet -- Paul Deschanel -- Maurice Donnay -- Réponse à M. Dubout -- Deux tragédies chrétiennes -- Les deux Tartuffe. | |
| 506 | _aPublic domain in the USA. | ||
| 516 | _aElectronic text | ||
| 653 | _aAuthors, French | ||
| 653 | _aFrench literature -- 19th century -- History and criticism | ||
| 830 | 0 |
_aProject Gutenberg _v23508 |
|
| 856 | 4 | 0 | _uhttp://www.gutenberg.org/ebooks/23508 |
| 942 | _cEB | ||
| 999 |
_c252763 _d252763 |
||